|
|
|
|
| LEADER |
00579 a2200181 4500 |
| 005 |
20151026133045.0 |
| 008 |
120119t xxu||||| |||| 00| 0 eng d |
| 041 |
|
|
|a Malayalam
|
| 080 |
|
|
|a FM
|b ADIG/V
|
| 100 |
|
|
|a Adiga, Aravind
|9 18940
|
| 245 |
|
|
|a Vellakaduva
|
| 300 |
|
|
|a 278p.
|
| 653 |
|
|
|a Fiction - malayalam literature
|
| 942 |
|
|
|c BK
|6 _
|
| 260 |
|
|
|a Kottayam
|b DC Books
|c 2010
|9 17641
|
| 020 |
|
|
|a 9788126426898
|
| 999 |
|
|
|c 62323
|d 62323
|
| 952 |
|
|
|0 0
|1 0
|2 udc
|4 0
|6 FM_ADIGV
|7 0
|9 74875
|a UL
|b UL
|d 2012-01-02
|e 2
|g 0.00
|l 22
|m 1
|o FM ADIG/V
|p 00066518
|r 2015-10-09
|s 2015-10-09
|v 0.00
|w 2012-01-02
|y BK
|